An analysis of the start-up India initiative: Triumphs, inadvertencies and confrontations (Record no. 532012)

000 -LEADER
fixed length control field 01302nam a22001457a 4500
008 - FIXED-LENGTH DATA ELEMENTS--GENERAL INFORMATION
fixed length control field 251125b ||||| |||| 00| 0 eng d
100 ## - MAIN ENTRY--PERSONAL NAME
Personal name Nahida, Begum N.
245 ## - TITLE STATEMENT
Title An analysis of the start-up India initiative: Triumphs, inadvertencies and confrontations
260 ## - PUBLICATION, DISTRIBUTION, ETC. (IMPRINT)
Place of publication, distribution, etc Indian Journal of Public Administration
300 ## - PHYSICAL DESCRIPTION
Extent 71(3), Sep, 2025: p.480-495
520 ## - SUMMARY, ETC.
Summary, etc The Start-up India initiative devised by the Government of India is a platform for young entrepreneurs to comprehend business and achieve prosperity. This measure has, to a certain extent, created employment opportunities in India. The article briefly discusses the Start-up India policy. It highlights the number of start-ups recognised by the Department for Promotion of Industry and Internal Trade in X, Y and Z metropolitan areas. It also focuses on the ventures that witnessed closure due to the absence of prerequisites. To conclude, the article discusses the challenges confronting ventures in general and the Y and Z metropolitan areas in particular.- Reproduced

https://journals.sagepub.com/doi/full/10.1177/00195561251369066
650 ## - SUBJECT ADDED ENTRY--TOPICAL TERM
Topical term or geographic name as entry element Start-up ecosystem, Entrepreneurs, Employment, Development, sate ranking framework.
9 (RLIN) 57997
773 ## - HOST ITEM ENTRY
Main entry heading Indian Journal of Public Administration
942 ## - ADDED ENTRY ELEMENTS (KOHA)
Item type Articles
Holdings
Withdrawn status Lost status Source of classification or shelving scheme Damaged status Not for loan Permanent location Current location Date acquired Serial Enumeration / chronology Barcode Date last seen Koha item type
          Indian Institute of Public Administration Indian Institute of Public Administration 2025-11-25 71(3), Sep, 2025: p.480-495 AR137650 2025-11-25 Articles

Powered by Koha